000 00348nam a22001217a 4500
082 _a297.12259143
_bQUR
245 _aالقرانِ الحکیم
_cHarzrat mulana ashraf ali sahid thanvi
260 _aLahore.
_bTaj company
300 _a551 p.
_bill.
_c38 cm.
526 _a0
_b0
_c0
_d297_122591430000000_QUR
650 _aMCE.
_9379
942 _2ddc
_cBK
999 _c550381
_d550381